| 000 | 01518nam a22002657i 4500 | ||
|---|---|---|---|
| 999 |
_c23127 _d23127 |
||
| 003 | AR-CdUCM | ||
| 008 | 241115b20222022 pe||||| |||| 00| 0 spa d | ||
| 040 |
_aMUNICIPALIDAD PROVINCIAL DEL CUSCO _cBIBLIOTECA MUNICIPAL DEL CUSCO |
||
| 041 | _hspa | ||
| 082 |
_a333.7 / G11 _bG11 |
||
| 110 |
_aGobierno Regional Cusco _922459 |
||
| 245 |
_aChoquequirao : _bBiodiversidad del Área de Conservación Regional / |
||
| 260 |
_aCusco : _bGobierno Regional Cusco _c2022 |
||
| 300 |
_a314 páginas. : _c26 cm. |
||
| 500 | _zBibliografía: páginas 312-314 | ||
| 505 | _aContexto histórico-ecológico -- Historia del ACR Choquequirao -- Los ecosistemas silvestres del ACR Choquequirao -- Los bofedales; ecosistemas claves dentro del ACR Choquequirao -- Arboles del ACR Choquequirao, una aproximación -- Orquídeas en el ACR Choquequirao -- Los arácnidos de Choquequirao -- Insecto del ACR Choquequirao -- Herpetofauna del ACR Choquequirao -- Aves del ACR Choquequirao -- El cóndor andino, un emblema de Choquequirao -- Mamíferos del ACR Choquequirao -- Síntesis de la biodiversidad del ACR Choquequirao -- El turismo en el ACR Choquequirao -- Gestión de conservación del ACR Choquequirao -- Entrevistas con actores locales -- visión a futuro | ||
| 650 |
_aCultura _9126 |
||
| 650 |
_aBiodiversidad _919327 |
||
| 650 |
_aConservación _96143 |
||
| 650 |
_aFauna _925064 |
||
| 650 |
_aFlora _920658 |
||
| 650 |
_aArqueología _9371 |
||
| 942 |
_2ddc _cLIBROS |
||
| 945 |
_apbj _d15-11-2024 |
||